[Event "RHP Coorespondance"]
[Date "2007.05.23"]
[EndDate "2007.06.04"]
[Round "?"]
[White "jc256cbcs"]
[Black "Tomasino, James"]
[WhiteRating "1256"]
[BlackRating "1785"]
[WhiteElo "1256"]
[BlackElo "1785"]
[Result "0-1"]
[GameId "3596381"]

1. e4 e5 2. d3 Ng8f6 3. Ng1f3 Bf8b4 4. c3 Bb4c5 5. d4 exd4 6. cxd4 Bc5b4 7. Nb1d2 Nf6xe4 8. a3 Bb4xd2 9. Nf3xd2 d5 10. Nd2xe4 dxe4 11. Bf1c4 O-O 12. Qd1h5 g6 13. Qh5h6 Qd8xd4 14. Bc4e2 Nb8c6 15. b4 Qd4c3 16. Qh6d2 Qc3xa1 17. O-O Nc6d4 18. Bc1b2 Qa1xb2 19. Qd2xb2 Nd4xe2 20. Qb2xe2 Bc8f5 21. Rf1d1 Ra8d8 22. h3 Rd8d7 23. g4 Bf5e6 24. Kg1f1 Rf8d8 25. Kf1e1 Be6b3 26. Rd1d2 a5 27. bxa5 c5 28. Rd2xd7 Rd8xd7 29. Qe2xe4 c4 30. Ke1f1 Rd7c7 31. Qe4f4 Rc7c5 32. Qf4b8 Kg8g7 33. Qb8xb7 Rc5xa5 34. Qb7b4 Ra5a4 35. Qb4e7 c3 36. Qe7e5 f6 37. Qe5e7 Bb3f7 38. Qe7c5 Ra4c4 39. Qc5a5 c2 40. Qa5d2 c1=Q 41. Qd2xc1 Rc4xc1 42. Kf1g2 Rc1a1 43. f3 Ra1xa3 44. Kg2g3 h5 45. gxh5 gxh5 46. h4 Bf7e6 47. Kg3f2 Be6c4 48. Kf2g3 Bc4d5 49. Kg3f2 Ra3xf3 50. Kf2e2 Rf3f4 51. Ke2e3 Rf4xh4 52. Ke3d2 Rh4h3 53. Kd2e2 Rh3f3 54. Ke2d2 h4 55. Kd2e2 h3 56. Ke2d2 h2 57. Kd2e2 h1=Q 58. Ke2d2 Qh1g2 59. Kd2e1 Rf3f1 0-1